Catálogo

Vista normal Vista MARC

Entrada Personal Name

Número de registros utilizados en: 1

001 - CONTROL NUMBER

  • control field: 17325

003 - CONTROL NUMBER IDENTIFIER

  • control field: DLC

005 - DATE AND TIME OF LATEST TRANSACTION

  • control field: 20250714151650.0

008 - FIXED-LENGTH DATA ELEMENTS

  • fixed length control field: 990113n| acannaab |a aaa

010 ## - LIBRARY OF CONGRESS CONTROL NUMBER

  • LC control number: n 99003010
  • Canceled/invalid LC control number: no2003047078

040 ## - CATALOGING SOURCE

  • Original cataloging agency: DLC
  • Transcribing agency: Mx-PuUPA
  • Modifying agency: DLC
  • Modifying agency: Mx-PuUPA
  • Language of cataloging: spa
  • Description conventions: rda

046 ## - SPECIAL CODED DATES

  • Birth date: 1959

100 1# - HEADING--PERSONAL NAME

  • Personal name: Gutiérrez, Natividad,
  • Dates associated with a name: 1959-

374 ## - OCCUPATION

  • Occupation: Autor

375 ## - GENDER

  • Gender: mujer

400 1# - SEE FROM TRACING--PERSONAL NAME

  • Personal name: Gutiérrez Chong, Natividad,
  • Dates associated with a name: 1959-

400 1# - SEE FROM TRACING--PERSONAL NAME

  • Personal name: Chong, Natividad Gutiérrez,
  • Dates associated with a name: 1959-

670 ## - SOURCE DATA FOUND

  • Source citation: Nationalist myths and ethnic identities, 1999:
  • Information found: CIP t.p. (Natividad Gutiérrez) data sheet (Aug. 19, 1959)

670 ## - SOURCE DATA FOUND

  • Source citation: Indigenismos, 2000:
  • Information found: t.p. (Natividad Gutiérrez Chong)

670 ## - SOURCE DATA FOUND

  • Source citation: Universidad Nacional Autonoma México, Instituto de Investigaciones Sociales faculty Web site, Mar. 29, 2004
  • Information found: (Natividad Gutiérrez Chong; Doctorado en Sociología (PhD), London School of Economics and Political Science, Universidad de Londres; lists recent works)